[Event "4NCL Division 2a"]
[Site "Solihull, ENG"]
[Date "2018.01.13"]
[Round "3.11"]
[White "Tavares, Shawn P"]
[Black "Erdos, Viktor"]
[Result "0-1"]
[WhiteElo "2161"]
[BlackElo "2630"]
[PlyCount "50"]
[EventDate "2018.01.13"]
[WhiteTeam "Grantham Sharks 2"]
[BlackTeam "Manx Liberty"]

1. e4 e5 2. Nf3 Nc6 3. Nc3 Nf6 4. d4 exd4 5. Nxd4 Bb4 6. Nxc6 bxc6 7. Bd3 d6 8.
O-O Ng4 9. Be2 Qh4 10. Bf4 O-O 11. Bg3 Qg5 12. a3 Bxc3 13. bxc3 Re8 14. Rb1 Nf6
15. f4 Qa5 16. e5 Nd5 17. Re1 Nxc3 18. Qd3 Nxb1 19. Rxb1 dxe5 20. fxe5 Qc5+ 21.
Kh1 Be6 22. Qe4 Bd5 23. Qf5 g6 24. Qd3 Rad8 25. Bf3 Ba2 0-1

[Event "4NCL Division 2a"]
[Site "Solihull, ENG"]
[Date "2018.01.13"]
[Round "3.12"]
[White "Lupulescu, Constantin"]
[Black "Birtwistle, Nigel"]
[Result "1-0"]
[WhiteElo "2628"]
[BlackElo "2143"]
[PlyCount "83"]
[EventDate "2018.01.13"]
[WhiteTeam "Manx Liberty"]
[BlackTeam "Grantham Sharks 2"]

1. d4 Nf6 2. c4 c5 3. d5 b5 4. cxb5 a6 5. bxa6 g6 6. Nc3 Bxa6 7. e4 Bxf1 8.
Kxf1 d6 9. Nf3 Qc8 10. g3 Qh3+ 11. Kg1 Bg7 12. Qf1 Qxf1+ 13. Kxf1 Nbd7 14. Ke2
O-O 15. Bd2 Rfb8 16. Rhb1 Rb4 17. a3 Rb3 18. Be1 Rab8 19. Ra2 Ne8 20. Nd1 Nc7
21. Nd2 R3b7 22. Nc4 Nb5 23. Kd3 Nd4 24. Bc3 Nb3 25. Nde3 Nb6 26. Nxb6 Rxb6 27.
Nc4 Ra6 28. a4 Rba8 29. a5 Rb8 30. Ra3 Rb5 31. Kc2 Nd4+ 32. Bxd4 Bxd4 33. Rb3
Rb4 34. Rxb4 cxb4 35. Kb3 Bc5 36. Ka4 Kf8 37. Kb5 Ra7 38. f3 Ke8 39. a6 Ra8 40.
Nb6 Ra7 41. Rc1 Kd8 42. Na4 1-0

[Event "4NCL Division 2a"]
[Site "Solihull, ENG"]
[Date "2018.01.13"]
[Round "3.13"]
[White "Willis, Rupert"]
[Black "Parligras, Mircea-Emilian"]
[Result "0-1"]
[WhiteElo "2139"]
[BlackElo "2632"]
[PlyCount "114"]
[EventDate "2018.01.13"]
[WhiteTeam "Grantham Sharks 2"]
[BlackTeam "Manx Liberty"]

1. c4 e6 2. g3 d5 3. Nf3 Nf6 4. Bg2 d4 5. O-O c5 6. d3 Nc6 7. e3 h6 8. exd4
cxd4 9. Na3 Bc5 10. Nc2 O-O 11. Re1 Re8 12. a3 a5 13. Bf4 Nd7 14. Rb1 a4 15. b4
axb3 16. Rxb3 e5 17. Bd2 Bd6 18. Bb4 Bc7 19. Nd2 Nf6 20. Ne4 Bf5 21. Nc5 Qc8
22. Bd2 Ra7 23. Rxb7 Rxb7 24. Bxc6 Ra7 25. Bxe8 Nxe8 26. Ne4 Bg6 27. Bb4 f5 28.
Nd2 Nf6 29. f3 h5 30. Qe2 h4 31. Rf1 hxg3 32. hxg3 Nh5 33. Qg2 f4 34. g4 Ng3
35. Ne4 Nxf1 36. Kxf1 Ra6 37. Qe2 Qd8 38. Kg2 Be8 39. Be1 Qb8 40. Bb4 Rh6 41.
Na1 Qd8 42. Be1 Ba5 43. Bf2 Qb8 44. Qc2 Rb6 45. c5 Rb2 46. Qc4+ Bf7 47. Qa4 Qb5
48. Qxb5 Rxb5 49. Nc2 Rb3 50. Be1 Bxe1 51. Nxe1 Rxa3 52. Kf1 Ra2 53. Nd6 Bd5
54. c6 Ra7 55. Nb5 Ra5 56. c7 Be6 57. Nd6 Rc5 0-1

[Event "4NCL Division 2a"]
[Site "Solihull, ENG"]
[Date "2018.01.13"]
[Round "3.14"]
[White "Galyas, Miklos"]
[Black "Cumbers, Paul"]
[Result "1-0"]
[WhiteElo "2502"]
[BlackElo "2174"]
[PlyCount "81"]
[EventDate "2018.01.13"]
[WhiteTeam "Manx Liberty"]
[BlackTeam "Grantham Sharks 2"]

1. d4 Nf6 2. c4 c5 3. d5 e6 4. Nc3 exd5 5. cxd5 d6 6. e4 g6 7. Bd3 Bg7 8. h3 a6
9. a4 Nbd7 10. Nf3 Nh5 11. Bg5 Bf6 12. Be3 Ne5 13. Be2 Nxf3+ 14. Bxf3 Ng7 15.
O-O O-O 16. Qd2 Be5 17. Bf4 Qe7 18. Rfe1 Bd7 19. Bxe5 Qxe5 20. Bg4 Bxg4 21.
hxg4 g5 22. Qe2 f6 23. g3 Kf7 24. Kg2 Rh8 25. Rh1 h6 26. Rad1 Rae8 27. Rhf1 Qe7
28. f4 Kg8 29. Rde1 h5 30. fxg5 fxg5 31. e5 dxe5 32. Ne4 Rh6 33. gxh5 Qd8 34.
d6 Ne6 35. Qg4 b5 36. Rf5 Kh8 37. Rxe5 Qd7 38. Nxg5 Rg8 39. Rxe6 Rxe6 40. Qxe6
Rxg5 41. Qh6+ 1-0

[Event "4NCL Division 2a"]
[Site "Solihull, ENG"]
[Date "2018.01.13"]
[Round "3.15"]
[White "Milson, Samuel A"]
[Black "Cioara, Andrei-Nestor"]
[Result "0-1"]
[WhiteElo "2096"]
[BlackElo "2447"]
[PlyCount "108"]
[EventDate "2018.01.13"]
[WhiteTeam "Grantham Sharks 2"]
[BlackTeam "Manx Liberty"]

1. e4 c6 2. d4 d5 3. Nd2 dxe4 4. Nxe4 Bf5 5. Ng3 Bg6 6. h4 h6 7. Nf3 Nd7 8. h5
Bh7 9. Bd3 Bxd3 10. Qxd3 e6 11. Bd2 Ngf6 12. O-O-O Bd6 13. Ne4 Nxe4 14. Qxe4
Nf6 15. Qh4 Qc7 16. Rhe1 O-O-O 17. Kb1 c5 18. dxc5 Bxc5 19. Bc3 Rxd1+ 20. Rxd1
Rd8 21. Rxd8+ Qxd8 22. b4 Bb6 23. Kb2 Ne8 24. Qg4 Qe7 25. a3 f6 26. Qc4+ Nc7
27. Bd4 Bxd4+ 28. Nxd4 Qd6 29. g3 Kd7 30. Nb3 Qe5+ 31. Ka2 b6 32. Nd4 Qxh5 33.
Qc6+ Kc8 34. c4 Qh2 35. Qf3 Qg1 36. Nc6 a6 37. Qe3 Qd1 38. Kb2 b5 39. cxb5 axb5
40. Qc5 Qd2+ 41. Kb1 Qd7 42. Qf8+ Ne8 43. Qc5 Nd6 44. a4 bxa4 45. b5 Nb7 46.
Na7+ Kd8 47. Qb6+ Ke8 48. Kc2 Nd6 49. Nc6 Nc4 50. Qd4 Na3+ 51. Kc1 Nxb5 52. Qc5
Nd6 53. f3 Qc7 54. Qc2 Kd7 0-1

[Event "4NCL Division 2a"]
[Site "Solihull, ENG"]
[Date "2018.01.13"]
[Round "3.16"]
[White "Kolbus, Dietmar"]
[Black "Kafka, Graeme"]
[Result "1/2-1/2"]
[WhiteElo "2322"]
[BlackElo "2064"]
[PlyCount "147"]
[EventDate "2018.01.13"]
[WhiteTeam "Manx Liberty"]
[BlackTeam "Grantham Sharks 2"]

1. c4 c5 2. Nc3 Nc6 3. Nf3 e5 4. e3 d6 5. d4 exd4 6. exd4 Bg4 7. Be2 Nf6 8. O-O
Be7 9. d5 Bxf3 10. Bxf3 Nd4 11. Be3 Nxf3+ 12. Qxf3 O-O 13. Rfe1 Re8 14. Re2 Qd7
15. h3 a6 16. a4 b6 17. Rae1 h6 18. b3 Nh7 19. Bf4 Bf8 20. Ne4 Rad8 21. Bc1 Re5
22. Bb2 Ng5 23. Nxg5 Rxe2 24. Qxe2 hxg5 25. g4 f6 26. Qd3 Re8 27. Re4 Rxe4 28.
Qxe4 Qe7 29. Qd3 Kf7 30. Kg2 g6 31. Bc3 a5 32. Kf3 Bh6 33. Qe4 Bf8 34. Qb1 Bg7
35. Qd3 Qe8 36. Kg2 Bh6 37. Kf1 Qd7 38. Bd2 Bg7 39. Qf3 Kg8 40. Qd3 Kf7 41. Kg2
Qe7 42. Qf3 Kg8 43. Qd3 Kf7 44. f3 Qe5 45. Bc3 Qe7 46. Kf1 Bh6 47. Be1 Qe5 48.
Qe2 Qxe2+ 49. Kxe2 Bf8 50. Bg3 Be7 51. Kd3 Kg7 52. Ke4 Kf7 53. f4 Bf8 54. f5
Be7 55. Kf3 Kg7 56. Be1 Kh6 57. Ke4 Kg7 58. Bd2 Kf7 59. Kf3 Kg7 60. Kg3 gxf5
61. gxf5 Kf7 62. Kg4 Bf8 63. Kh5 Be7 64. Kh6 Bf8+ 65. Kh7 Be7 66. Be1 Bd8 67.
h4 gxh4 68. Bxh4 Be7 69. Bg3 Bf8 70. Bf4 Be7 71. Bh6 Bd8 72. Bf4 Be7 73. Bh2
Bf8 74. Bg3 1/2-1/2

[Event "4NCL Division 2a"]
[Site "Solihull, ENG"]
[Date "2018.01.13"]
[Round "3.17"]
[White "Munshi, Aditya"]
[Black "Miah, Zahed"]
[Result "1-0"]
[WhiteElo "1968"]
[BlackElo "1751"]
[PlyCount "79"]
[EventDate "2018.01.13"]
[WhiteTeam "Grantham Sharks 2"]
[BlackTeam "Manx Liberty"]

1. e4 c5 2. Nf3 d6 3. Bb5+ Bd7 4. Bxd7+ Qxd7 5. c4 Nc6 6. d4 cxd4 7. Nxd4 g6 8.
Nc3 Nf6 9. b3 Bg7 10. Bb2 O-O 11. O-O Nxd4 12. Qxd4 Nh5 13. Qd2 Rac8 14. Rad1
Qg4 15. Nd5 Rfe8 16. f3 Qh4 17. Bxg7 Nxg7 18. Rfe1 Ne6 19. Re2 Nc7 20. Qa5 Nxd5
21. exd5 a6 22. Qb6 Rb8 23. Re4 Qf6 24. Rde1 Kf8 25. h3 Qf5 26. Rxe7 Rxe7 27.
Rxe7 Kxe7 28. Qc7+ Qd7 29. Qxb8 h5 30. Qa7 Kf8 31. Qd4 Kg8 32. Kh2 Qe7 33. Qe4
Qd7 34. b4 b6 35. Qd4 b5 36. c5 dxc5 37. bxc5 a5 38. Qe5 b4 39. c6 Qc8 40. Qd6
1-0

[Event "4NCL Division 2a"]
[Site "Solihull, ENG"]
[Date "2018.01.13"]
[Round "3.18"]
[White "Akeya-Price, Robert"]
[Black "McLaverty, Claire E"]
[Result "1/2-1/2"]
[WhiteElo "1756"]
[BlackElo "1861"]
[PlyCount "55"]
[EventDate "2018.01.13"]
[WhiteTeam "Manx Liberty"]
[BlackTeam "Grantham Sharks 2"]

1. d4 d5 2. c4 e6 3. Nf3 Nf6 4. g3 Be7 5. Bg2 O-O 6. Qc2 h6 7. O-O b6 8. b3 Bb7
9. Nc3 Nbd7 10. Rd1 Bb4 11. Ne5 c6 12. Bb2 Qe7 13. a3 Bd6 14. f4 Rfd8 15. e4
dxe4 16. Nxe4 Nxe4 17. Bxe4 Nxe5 18. fxe5 Bc7 19. b4 Rac8 20. Qa4 Bb8 21. Qb3
Rd7 22. c5 bxc5 23. dxc5 Rcd8 24. Qf3 Qg5 25. h4 Rxd1+ 26. Rxd1 Rxd1+ 27. Qxd1
Qxg3+ 28. Bg2 1/2-1/2

[Event "4NCL Division 2a"]
[Site "Solihull, ENG"]
[Date "2018.01.13"]
[Round "3.21"]
[White "Cornette, Matthieu"]
[Black "Taylor, Adam C"]
[Result "1-0"]
[WhiteElo "2611"]
[BlackElo "2260"]
[PlyCount "59"]
[EventDate "2018.01.13"]
[WhiteTeam "Celtic Tigers"]
[BlackTeam "Wood Green Monarchs"]

1. Nf3 Nf6 2. c4 e6 3. g3 d5 4. Bg2 dxc4 5. O-O Nbd7 6. Qc2 c5 7. Na3 a6 8.
Nxc4 b5 9. Nce5 Bb7 10. Nxf7 Kxf7 11. Ng5+ Ke7 12. Bxb7 h6 13. Bxa8 hxg5 14.
Be4 Nxe4 15. Qxe4 Nf6 16. Qb7+ Ke8 17. d3 g4 18. a4 b4 19. Qxa6 Qd5 20. Qc4 Qh5
21. Qxe6+ Be7 22. Qc6+ Nd7 23. Qg2 Ne5 24. Re1 Kd7 25. a5 Nf3+ 26. exf3 gxf3
27. g4 Qf7 28. Rxe7+ Kxe7 29. Qg3 Kd7 30. Qf4 1-0

[Event "4NCL Division 2a"]
[Site "Solihull, ENG"]
[Date "2018.01.13"]
[Round "3.22"]
[White "Cooper, Lawrence H"]
[Black "Cornette, Deimante"]
[Result "1/2-1/2"]
[WhiteElo "2305"]
[BlackElo "2439"]
[PlyCount "63"]
[EventDate "2018.01.13"]
[WhiteTeam "Wood Green Monarchs"]
[BlackTeam "Celtic Tigers"]

1. e4 Nf6 2. e5 Nd5 3. d4 d6 4. Nf3 dxe5 5. Nxe5 c6 6. Be2 Bf5 7. O-O Nd7 8.
Nf3 e6 9. c4 N5f6 10. Nc3 Ne4 11. Nxe4 Bxe4 12. Re1 Be7 13. Bf1 Nf6 14. Ne5 O-O
15. Bg5 Bf5 16. h3 h6 17. Bh4 Re8 18. a3 a5 19. c5 Nd5 20. Bxe7 Qxe7 21. Nc4
Qg5 22. g3 Red8 23. Bg2 Qf6 24. Qd2 Nc7 25. Nd6 Ra7 26. Rad1 Ne8 27. Nc4 Nc7
28. a4 Rda8 29. Nb6 Rd8 30. Nc4 Rda8 31. Nb6 Rd8 32. Nc4 1/2-1/2

[Event "4NCL Division 2a"]
[Site "Solihull, ENG"]
[Date "2018.01.13"]
[Round "3.23"]
[White "Hoffmann, Hendrik"]
[Black "Sygnowski, Tomasz"]
[Result "1-0"]
[WhiteElo "2232"]
[BlackElo "2151"]
[PlyCount "81"]
[EventDate "2018.01.13"]
[WhiteTeam "Celtic Tigers"]
[BlackTeam "Wood Green Monarchs"]

1. e4 e6 2. d4 d5 3. Nd2 Nf6 4. e5 Nfd7 5. Bd3 c5 6. c3 Nc6 7. Ngf3 Be7 8. O-O
O-O 9. Re1 Qb6 10. Nf1 f5 11. exf6 Nxf6 12. dxc5 Bxc5 13. Qc2 e5 14. b4 Bd6 15.
b5 e4 16. bxc6 exf3 17. gxf3 Qxc6 18. Ng3 Bh3 19. Be3 Rac8 20. Bd4 Bc5 21. Rac1
Bxd4 22. cxd4 Qd6 23. Qd2 Rxc1 24. Rxc1 h6 25. Re1 Nh7 26. Bxh7+ Kxh7 27. Qd3+
Kh8 28. Nh5 Bf5 29. Qb5 Qg6+ 30. Ng3 h5 31. h4 Be6 32. Kg2 Rf4 33. Qe2 Bf7 34.
Qe7 Rxd4 35. Re5 Qf6 36. Qf8+ Kh7 37. Rf5 Qe6 38. Rxf7 Qg6 39. Rxb7 Rxh4 40.
Rxa7 Rd4 41. Rxg7+ 1-0

[Event "4NCL Division 2a"]
[Site "Solihull, ENG"]
[Date "2018.01.13"]
[Round "3.24"]
[White "Longson, Sarah N"]
[Black "Quinn, John M"]
[Result "1/2-1/2"]
[WhiteElo "2177"]
[BlackElo "2158"]
[PlyCount "142"]
[EventDate "2018.01.13"]
[WhiteTeam "Wood Green Monarchs"]
[BlackTeam "Celtic Tigers"]

1. e4 c5 2. Nf3 e6 3. g3 d5 4. exd5 exd5 5. d4 Nf6 6. Bg2 Be7 7. O-O O-O 8. Nc3
Nc6 9. dxc5 Bxc5 10. a3 h6 11. b4 Bb6 12. Bb2 Bg4 13. Na4 Bc7 14. Re1 Ne4 15.
c4 Ne5 16. cxd5 Bxf3 17. Bxf3 Nxf3+ 18. Qxf3 f5 19. Rad1 Bd6 20. Nc5 Bxc5 21.
bxc5 Rc8 22. Rxe4 fxe4 23. Qxe4 Qd7 24. Bd4 Rce8 25. Qg6 Rf7 26. Be3 Rf6 27.
Qd3 Qf5 28. Qb3 Kh8 29. d6 Qd7 30. Rb1 Rf7 31. Qd5 Rd8 32. Rb4 Rff8 33. a4 Qc6
34. Qd4 Kg8 35. a5 Rf5 36. Qc4+ Rd5 37. Qb3 Kh8 38. Rxb7 Rd1+ 39. Qxd1 Qxb7 40.
Bd4 Qe4 41. Bb2 Rb8 42. Qd4 Qb1+ 43. Kg2 Rxb2 44. d7 Rb8 45. d8=Q+ Rxd8 46.
Qxd8+ Kh7 47. Qe7 Qc2 48. h4 Qc4 49. Qe5 Qa4 50. Qe6 Qxa5 51. c6 Qc5 52. Qd7
Qb5 53. Qd6 Qc4 54. c7 Qe4+ 55. Kh2 Qc2 56. Qf4 a5 57. g4 Kg8 58. g5 hxg5 59.
hxg5 g6 60. Kg3 Qc5 61. Kg4 a4 62. Qe4 Qxc7 63. Qxg6+ Kf8 64. Qf5+ Qf7 65. Qc5+
Qe7 66. Qc8+ Qe8 67. Qc5+ Qe7 68. Qf5+ Qf7 69. Qe4 Qxf2 70. Qxa4 Qg2+ 71. Kf5
Qf3+ 1/2-1/2

[Event "4NCL Division 2a"]
[Site "Solihull, ENG"]
[Date "2018.01.13"]
[Round "3.25"]
[White "Maciol, Ryszard"]
[Black "Willow, Jonah B"]
[Result "0-1"]
[WhiteElo "2163"]
[BlackElo "2152"]
[PlyCount "74"]
[EventDate "2018.01.13"]
[WhiteTeam "Celtic Tigers"]
[BlackTeam "Wood Green Monarchs"]

1. d4 Nf6 2. c4 c5 3. d5 e6 4. Nc3 exd5 5. cxd5 d6 6. e4 g6 7. Bg5 Bg7 8. f3
O-O 9. Qd2 h5 10. Bh6 Re8 11. Bxg7 Kxg7 12. Nge2 Bd7 13. Nf4 Na6 14. Be2 Rb8
15. a4 Nb4 16. O-O a6 17. Nd3 Nxd3 18. Bxd3 b5 19. axb5 axb5 20. Ra6 Rb6 21.
Rfa1 c4 22. Be2 Rxa6 23. Rxa6 Qc8 24. Ra5 Qc5+ 25. Kf1 Qb6 26. Ra1 h4 27. Nd1
Nh5 28. Qg5 h3 29. g4 Nf6 30. Nf2 Qd4 31. Qc1 Bxg4 32. Nxg4 Nxg4 33. fxg4 Qxe4
34. Qc3+ Kg8 35. Qf3 Qd4 36. Ra2 b4 37. Qxh3 Qe4 0-1

[Event "4NCL Division 2a"]
[Site "Solihull, ENG"]
[Date "2018.01.13"]
[Round "3.26"]
[White "Pein, Jonathan"]
[Black "Pedersen, Carsten"]
[Result "1/2-1/2"]
[WhiteElo "2153"]
[BlackElo "2136"]
[PlyCount "81"]
[EventDate "2018.01.13"]
[WhiteTeam "Wood Green Monarchs"]
[BlackTeam "Celtic Tigers"]

1. b3 c5 2. Bb2 Nc6 3. e3 e5 4. c4 Nf6 5. Nc3 d6 6. Nge2 Bg4 7. a3 Be7 8. h3
Bh5 9. d3 h6 10. Qd2 d5 11. g4 Bg6 12. Bg2 dxc4 13. dxc4 Qxd2+ 14. Kxd2 Na5 15.
Nc1 O-O-O+ 16. Ke2 Bc2 17. Nd5 Bd6 18. Nxf6 gxf6 19. Bd5 Rd7 20. Bc3 Nxb3 21.
Ra2 Nxc1+ 22. Rxc1 Ba4 23. Rd2 Rhd8 24. Kf3 Kc7 25. Ke4 Bf8 26. h4 Bg7 27. h5
Re7 28. Kf3 Bd7 29. e4 Rg8 30. Kg3 Bf8 31. f3 Bc8 32. Kf2 Bd7 33. Rcd1 Ba4 34.
Rb1 b6 35. Rdb2 Bg7 36. Bd2 Rh8 37. Be3 Rc8 38. Rd2 Rb8 39. Rdb2 Rc8 40. Rd2
Rb8 41. Rdb2 1/2-1/2

[Event "4NCL Division 2a"]
[Site "Solihull, ENG"]
[Date "2018.01.13"]
[Round "3.27"]
[White "Skulte, Christopher"]
[Black "Green, Michael"]
[Result "1/2-1/2"]
[WhiteElo "1952"]
[BlackElo "2035"]
[PlyCount "48"]
[EventDate "2018.01.13"]
[WhiteTeam "Celtic Tigers"]
[BlackTeam "Wood Green Monarchs"]

1. e4 e6 2. d4 d5 3. Nd2 Nf6 4. e5 Nfd7 5. Bd3 c5 6. c3 Nc6 7. Ne2 cxd4 8. cxd4
f6 9. Nf4 Nxd4 10. Qh5+ Ke7 11. Ng6+ hxg6 12. exf6+ Nxf6 13. Qxh8 Kf7 14. O-O
e5 15. Nb3 Nxb3 16. axb3 Bf5 17. Bxf5 gxf5 18. Bg5 Qb6 19. Bxf6 Kxf6 20. Rfc1
d4 21. Qh4+ Kf7 22. Qh7 Kf6 23. Qh4+ Kf7 24. Qh7 Kf6 1/2-1/2

[Event "4NCL Division 2a"]
[Site "Solihull, ENG"]
[Date "2018.01.13"]
[Round "3.28"]
[White "Serbanescu, Diana-Maria"]
[Black "Larter, Nick J"]
[Result "1-0"]
[WhiteElo "1989"]
[BlackElo "1855"]
[PlyCount "89"]
[EventDate "2018.01.13"]
[WhiteTeam "Wood Green Monarchs"]
[BlackTeam "Celtic Tigers"]

1. e4 e6 2. d4 d5 3. Nc3 dxe4 4. Nxe4 Qd5 5. Nc3 Bb4 6. Nf3 Nf6 7. a3 Bxc3+ 8.
bxc3 O-O 9. Bd3 b5 10. Qe2 a6 11. Bg5 Nbd7 12. O-O Bb7 13. Rfe1 h6 14. Bxf6
Nxf6 15. a4 Qh5 16. Ne5 Qg5 17. f3 Nd5 18. Ra3 Nf4 19. Qf1 b4 20. Rb3 a5 21.
cxb4 Rfd8 22. bxa5 Ba6 23. Bxa6 Rxa6 24. g3 Rxa5 25. Nc6 Rxa4 26. Nxd8 Rxd4 27.
Nc6 Rd2 28. Ne5 Qh5 29. Rb8+ Kh7 30. h4 Nd5 31. Re2 Rd4 32. Rb3 f6 33. Ng4 e5
34. Rd3 Rxd3 35. cxd3 g5 36. hxg5 Qxg5 37. Rh2 h5 38. Qe1 Kg6 39. Qe4+ Kg7 40.
Qxd5 Qc1+ 41. Kg2 hxg4 42. Qd7+ Kg8 43. Qxg4+ Kf8 44. Rh8+ Ke7 45. Rh7+ 1-0

[Event "4NCL Division 2a"]
[Site "Solihull, ENG"]
[Date "2018.01.13"]
[Round "3.31"]
[White "Chapman, Terry P D"]
[Black "Graham, David B"]
[Result "1/2-1/2"]
[WhiteElo "2190"]
[BlackElo "2204"]
[PlyCount "59"]
[EventDate "2018.01.13"]
[WhiteTeam "Barbican Youth"]
[BlackTeam "Sussex Martlets 1"]

1. Nf3 Nf6 2. c4 g6 3. d4 Bg7 4. g3 d6 5. Bg2 O-O 6. Nc3 Nc6 7. O-O Bg4 8. Be3
e5 9. dxe5 dxe5 10. Qa4 Qc8 11. Nd5 Re8 12. Rfe1 Bxf3 13. Bxf3 Nd4 14. Bxd4
exd4 15. Qb4 c5 16. Qxb7 Qxb7 17. Nxf6+ Bxf6 18. Bxb7 Rab8 19. Bc6 Re6 20. Bd5
Ra6 21. Reb1 Rab6 22. a4 Rxb2 23. Rxb2 Rxb2 24. Kf1 d3 25. exd3 Bd4 26. f4 Rf2+
27. Ke1 Rxh2 28. Rb1 Bb2 29. Kf1 Rc2 30. Re1 1/2-1/2

[Event "4NCL Division 2a"]
[Site "Solihull, ENG"]
[Date "2018.01.13"]
[Round "3.32"]
[White "Willson, Ollie"]
[Black "Coleman, David J"]
[Result "1/2-1/2"]
[WhiteElo "2087"]
[BlackElo "2055"]
[PlyCount "38"]
[EventDate "2018.01.13"]
[WhiteTeam "Sussex Martlets 1"]
[BlackTeam "Barbican Youth"]

1. d4 Nf6 2. c4 g6 3. Nc3 Bg7 4. e4 d6 5. Nf3 O-O 6. Be2 e5 7. O-O exd4 8. Nxd4
Re8 9. f3 c6 10. Nc2 Na6 11. Bf4 Nh5 12. Be3 f5 13. Qd2 f4 14. Bd4 Be5 15. Rfd1
Be6 16. Bxe5 dxe5 17. Qxd8 Rexd8 18. Rxd8+ Rxd8 19. Rd1 Rxd1+ 1/2-1/2

[Event "4NCL Division 2a"]
[Site "Solihull, ENG"]
[Date "2018.01.13"]
[Round "3.33"]
[White "Brett, Andrew R"]
[Black "Brewer, Callum D"]
[Result "1/2-1/2"]
[WhiteElo "2116"]
[BlackElo "2140"]
[PlyCount "79"]
[EventDate "2018.01.13"]
[WhiteTeam "Barbican Youth"]
[BlackTeam "Sussex Martlets 1"]

1. c4 e6 2. Nc3 Nf6 3. e4 d5 4. cxd5 exd5 5. e5 d4 6. exf6 dxc3 7. Nf3 Qxf6 8.
dxc3 Bd6 9. Bg5 Qg6 10. Bd3 Qe6+ 11. Be3 Nc6 12. Qc2 Ne5 13. Nxe5 Qxe5 14.
O-O-O Be6 15. Rhe1 O-O-O 16. Qa4 Bc5 17. Bxc5 Qxc5 18. f3 Rd6 19. Bf1 Rhd8 20.
Rxd6 Qxd6 21. Rd1 Qxd1+ 22. Qxd1 Rxd1+ 23. Kxd1 Bxa2 24. Bd3 h6 25. h4 Be6 26.
Kd2 Kd7 27. Ke3 Kd6 28. f4 f6 29. g3 f5 30. Be2 a5 31. Kd4 c5+ 32. Ke3 Kc6 33.
c4 Kb6 34. Kd3 a4 35. Kc3 Ka5 36. Bd3 h5 37. Be2 g6 38. Bd3 Bd7 39. Bb1 Bc6 40.
Ba2 1/2-1/2

[Event "4NCL Division 2a"]
[Site "Solihull, ENG"]
[Date "2018.01.13"]
[Round "3.34"]
[White "Cumming, Rhys"]
[Black "Makepeace, Philip J"]
[Result "1-0"]
[WhiteElo "2155"]
[BlackElo "2077"]
[PlyCount "115"]
[EventDate "2018.01.13"]
[WhiteTeam "Sussex Martlets 1"]
[BlackTeam "Barbican Youth"]

1. e4 c6 2. d4 d5 3. Nd2 dxe4 4. Nxe4 Bf5 5. Ng3 Bg6 6. h4 h6 7. Nf3 Nd7 8. h5
Bh7 9. Bd3 Bxd3 10. Qxd3 Ngf6 11. Bd2 Qc7 12. O-O-O e6 13. Ne4 Nxe4 14. Qxe4
O-O-O 15. g3 Nf6 16. Qe2 Bd6 17. Kb1 Rhe8 18. c4 Qe7 19. Ne5 c5 20. Ba5 Bc7 21.
Bxc7 Qxc7 22. dxc5 Rxd1+ 23. Rxd1 Rd8 24. Rxd8+ Kxd8 25. b4 Ke7 26. Kc1 Kf8 27.
g4 a5 28. a3 axb4 29. axb4 Qb8 30. f3 Kg8 31. Qe3 Qe8 32. Kb2 Nd7 33. b5 Nxe5
34. Qxe5 Qd8 35. Qd6 Qf6+ 36. Kc2 Qa1 37. Qd8+ Kh7 38. Qd3+ Kg8 39. Qd8+ Kh7
40. Qd3+ Kg8 41. Kb3 Qg1 42. Qd8+ Kh7 43. Qd3+ Kg8 44. Kb4 Qf2 45. c6 bxc6 46.
Qd8+ Kh7 47. bxc6 Qb2+ 48. Kc5 Qa3+ 49. Kb6 Qb4+ 50. Ka7 Qxc4 51. c7 Qa4+ 52.
Kb6 Qb3+ 53. Kc5 Qa3+ 54. Kc6 Qa4+ 55. Kd6 Qb4+ 56. Kd7 Qb5+ 57. Ke7 Qb4+ 58.
Ke8 1-0

[Event "4NCL Division 2a"]
[Site "Solihull, ENG"]
[Date "2018.01.13"]
[Round "3.35"]
[White "Russell, Christopher"]
[Black "Lunn, Matthew"]
[Result "1-0"]
[WhiteElo "2111"]
[BlackElo "2081"]
[PlyCount "103"]
[EventDate "2018.01.13"]
[WhiteTeam "Barbican Youth"]
[BlackTeam "Sussex Martlets 1"]

1. e4 c5 2. c3 d5 3. exd5 Qxd5 4. Nf3 Nf6 5. Na3 Nc6 6. h3 e6 7. d4 cxd4 8. Nb5
Qd8 9. Nbxd4 Nxd4 10. Qxd4 Qxd4 11. Nxd4 a6 12. Be2 Be7 13. O-O O-O 14. Re1 Rd8
15. Bf4 Nd5 16. Bg3 Bf6 17. Rad1 Bd7 18. Bf3 Ba4 19. Nb3 Rac8 20. Be5 Bxe5 21.
Rxe5 Bc6 22. Na5 Ne7 23. Rxd8+ Rxd8 24. Nxb7 Rb8 25. Bxc6 Nxc6 26. Rc5 Ne7 27.
Rc7 Nd5 28. Rd7 Kf8 29. Nd6 Rxb2 30. Rxf7+ Kg8 31. Ra7 h6 32. c4 Nf4 33. Rxa6
Ne2+ 34. Kh2 Nc3 35. c5 Rxf2 36. Nb7 Rc2 37. a4 e5 38. a5 e4 39. Re6 Na4 40.
Rxe4 Nxc5 41. Re8+ Kh7 42. Rc8 Nxb7 43. Rxc2 Nxa5 44. Kg3 Nb3 45. Rc4 Nd2 46.
Rb4 Kg6 47. Kf4 Nf1 48. Rd4 Kf6 49. Rd1 g5+ 50. Kf3 g4+ 51. hxg4 Nh2+ 52. Kg3
1-0

[Event "4NCL Division 2a"]
[Site "Solihull, ENG"]
[Date "2018.01.13"]
[Round "3.36"]
[White "Forster, Matthew"]
[Black "Hughes, Roy"]
[Result "1/2-1/2"]
[WhiteElo "2087"]
[BlackElo "2023"]
[PlyCount "54"]
[EventDate "2018.01.13"]
[WhiteTeam "Sussex Martlets 1"]
[BlackTeam "Barbican Youth"]

1. c4 Nf6 2. g3 g6 3. Bg2 Bg7 4. Nc3 O-O 5. Rb1 a5 6. a3 c6 7. Nf3 d5 8. cxd5
Nxd5 9. O-O Na6 10. e4 Nxc3 11. dxc3 Nc5 12. Nd4 e5 13. Nc2 Be6 14. Be3 Qe7 15.
Qe2 Rfd8 16. f4 b5 17. Bxc5 Qxc5+ 18. Qf2 Qxf2+ 19. Rxf2 f6 20. Ne3 Bb3 21. Re1
Rd6 22. Bf1 Rb8 23. h3 h5 24. Kh2 exf4 25. gxf4 Kh7 26. Ng2 Re8 27. Nh4 Bf7
1/2-1/2

[Event "4NCL Division 2a"]
[Site "Solihull, ENG"]
[Date "2018.01.13"]
[Round "3.37"]
[White "Harari, Zaki"]
[Black "Grant, David J"]
[Result "0-1"]
[WhiteElo "2025"]
[BlackElo "2140"]
[PlyCount "54"]
[EventDate "2018.01.13"]
[WhiteTeam "Barbican Youth"]
[BlackTeam "Sussex Martlets 1"]

1. e4 c5 2. d4 cxd4 3. c3 dxc3 4. Nxc3 e6 5. Nf3 a6 6. Bc4 b5 7. Bb3 Nc6 8. O-O
Na5 9. Bc2 Bb7 10. Qe2 Ne7 11. Rd1 Nec6 12. Bf4 f6 13. Rac1 Rc8 14. e5 fxe5 15.
Nxe5 Nxe5 16. Qh5+ Nf7 17. Ne4 g6 18. Qg4 Rxc2 19. Rxc2 Bxe4 20. Re2 h5 21. Qg3
Qa8 22. Qc3 Nc4 23. b3 Nb6 24. Qd4 Qd5 25. Qa1 Qf5 26. Be3 Nd5 27. Qd4 Qg4 0-1

[Event "4NCL Division 2a"]
[Site "Solihull, ENG"]
[Date "2018.01.13"]
[Round "3.38"]
[White "Bucher, Grant W"]
[Black "Golding, William"]
[Result "1-0"]
[WhiteElo "2128"]
[BlackElo "1675"]
[PlyCount "97"]
[EventDate "2018.01.13"]
[WhiteTeam "Sussex Martlets 1"]
[BlackTeam "Barbican Youth"]

1. e4 d5 2. exd5 Qxd5 3. Nc3 Qa5 4. d4 c6 5. Nf3 Nf6 6. Bc4 Bg4 7. h3 Bh5 8. g4
Bg6 9. Ne5 e6 10. O-O Nbd7 11. Nxd7 Nxd7 12. Bb3 O-O-O 13. Bd2 Qc7 14. Qf3 Nf6
15. Bf4 Bd6 16. Bxd6 Qxd6 17. Rad1 h5 18. g5 Nd5 19. Ne2 Qe7 20. h4 f6 21. Nf4
Nxf4 22. Qxf4 fxg5 23. Qxg5 Qxg5+ 24. hxg5 Bf5 25. Rfe1 Rde8 26. Re5 Re7 27.
Rde1 Rhe8 28. c3 Kd7 29. R1e3 h4 30. d5 h3 31. Kh2 g6 32. dxc6+ bxc6 33. Bc4
Rh8 34. Bd3 Rh5 35. Bxf5 gxf5 36. f4 Rh4 37. Rf3 Rg4 38. Rf2 Rh7 39. Re3 Rhh4
40. Rg3 Ke7 41. Rxg4 fxg4 42. Kg3 Rh8 43. Rh2 Kf7 44. Kxg4 Kg6 45. Rxh3 Rxh3
46. Kxh3 e5 47. Kg4 e4 48. f5+ Kf7 49. Kf4 1-0

[Event "4NCL Division 2a"]
[Site "Solihull, ENG"]
[Date "2018.01.13"]
[Round "3.41"]
[White "Lou, Yiping"]
[Black "Townsend, M Paul"]
[Result "1-0"]
[WhiteElo "2462"]
[BlackElo "2267"]
[PlyCount "101"]
[EventDate "2018.01.13"]
[WhiteTeam "Kings Head"]
[BlackTeam "White Rose 2"]

1. e4 e6 2. d4 d5 3. Nd2 c5 4. exd5 exd5 5. Ngf3 Nc6 6. Bb5 Bd6 7. dxc5 Bxc5 8.
O-O Nge7 9. Nb3 Bd6 10. Re1 O-O 11. Bd3 h6 12. h3 Nf5 13. c3 Qf6 14. Bc2 Rd8
15. Qd3 g6 16. Bd2 Bc7 17. Rad1 Bb6 18. Bc1 Be6 19. Qd2 g5 20. Qd3 d4 21. Nbxd4
Ncxd4 22. cxd4 Nxd4 23. Nxd4 Bxd4 24. Re2 Qg7 25. Qe4 Rac8 26. Red2 Bb6 27.
Rxd8+ Bxd8 28. Bb3 Bxb3 29. axb3 Bb6 30. Qxb7 Rc2 31. Be3 Bxe3 32. fxe3 Qxb2
33. Rf1 Qg7 34. Qxa7 Rc3 35. b4 Qg6 36. Qb8+ Kh7 37. Qe8 Rc7 38. b5 Rb7 39. Kh1
Kg7 40. Qe5+ Kh7 41. Qd5 Re7 42. Qc5 Qe4 43. b6 Rb7 44. Rf6 g4 45. Qf8 Qxe3 46.
Rxf7+ Rxf7 47. Qxf7+ Kh8 48. Qf6+ Kh7 49. Qf5+ Kh8 50. Qc8+ Kh7 51. Qc7+ 1-0